000 00391nam a2200169Ia 4500
008 230524s9999 xx 000 0 und d
020 _a8129703262
082 _a4.162
_bBAN
100 _aSamir Bandopadhyay
245 0 _aData Structure Using C
250 _a2004
260 _aNEW DELHI
_bPearson
300 _aX;312
500 _aQuantity Number: 8
650 _aComp-Sc
942 _cBK
999 _c6822
_d6822